000 00887cam a2200241 4500
001 ABS62273
008 000000n2000 000 0 eng u
035 _a(Sirsi) u106318
100 _aElliott, T.
245 4 _aThe acceleration game
260 _c2000
490 _aBuilding
_v 265(8137) 19 May 2000, 75(1)
520 _aExamines the issues surrounding claims for acceleration costs, a notably imprecise area of constructoin law. Case law considered.
590 _aABS
650 _aCONTRACTUAL CLAIMS
650 _aACCELERATION COSTS
650 _aASCON CONTRACTING LIMITED V ALFRED MCALPINE CONSTRUCTION
650 _aPERINI CORPORATION V COMMONWEALTH OF AUSTRALIA
650 _aMORRISON-KNUDSEN V BRITISH COLUMBIA HYDRO AND POWER AUTHORITY
650 _aNORAIR ENGINEERING V THE UNITED STATES
690 _aBUILT ENVIRONMENT-BUILDING CONTRACT FORMS
942 _n0
999 _c63676
_d63676